| 000 | 00441nam a2200181Ia 4500 | ||
|---|---|---|---|
| 001 | 20578 | ||
| 005 | 20260306172816.0 | ||
| 008 | 260306t2016||||xx |||||||||||||| ||spa|| | ||
| 041 | _aESP | ||
| 082 |
_a343.4 _bO64 |
||
| 100 |
_aOré Guardia, Arsenio _eAUT |
||
| 245 | 0 |
_aEl hábeas corpus: _bun enfoque casuístico |
|
| 260 | _c2016 | ||
| 300 |
_a190 páginas : _c24 cm. |
||
| 650 | _aGEN | ||
| 654 | _aCDE | ||
| 942 |
_cLIB _dJUS _fJUS _2ddc _n |
||
| 999 |
_c20578 _d20578 |
||